Traité de cryptogamie
Uloženo v:
| Hlavní autor: | |
|---|---|
| Médium: | Kniha |
| Jazyk: | španělština |
| Vydáno: |
París
Masson
1948
|
| Vydání: | Segunda edición |
| Témata: | |
| Tagy: |
Přidat tag
Žádné tagy, Buďte první, kdo vytvoří štítek k tomuto záznamu!
|
MARC
| LEADER | 00000nam a2200000 a 4500 | ||
|---|---|---|---|
| 001 | UCL3308 | ||
| 003 | CL-VaPUC | ||
| 005 | 20250225093418.0 | ||
| 008 | 031121e19480000FR |||||||||||||||||spa|d | ||
| 999 | |c 325727 |d 325725 | ||
| 040 | |c Pontificia Universidad Católica de Valparaíso | ||
| 082 | 0 | 4 | |a 586 LUT 1948 |2 21 |
| 100 | |a Lutz, Louis |e autor |9 520820 | ||
| 245 | 1 | 0 | |a Traité de cryptogamie |
| 250 | |a Segunda edición | ||
| 260 | |a París |b Masson |c 1948 | ||
| 300 | |a 708 páginas | ||
| 583 | |a last modification |c 20031121 00:00:00 |k Rodrigo Vera | ||
| 650 | 7 | |a CRIPTOGAMAS |2 CL-VaPUC |9 261627 | |
| 650 | 7 | |a MUSGOS |2 CL-VaPUC |9 261631 | |
| 650 | 7 | |a HELECHOS |2 CL-VaPUC |9 269520 | |
| 650 | 7 | |a MICROORGANISMOS ACUATICOS |2 CL-VaPUC |9 338100 | |
| 650 | 0 | |a Taxonomía vegetal |9 333766 | |
| 650 | 0 | |a Reproducción vegetal |9 360269 | |
| 942 | |c BK |2 ddc | ||
| 945 | |d 20031121 00:00:00 |a cmena | ||